000 00893nam a2200265Ia 4500
003 OSt
005 20220918220616.0
006 a|||||r|||| 00| 0
007 ta
008 220917b |||||||| |||| 00| 0 eng d
024 _a146,514
037 _cTextual
040 _aARTS
_cARTS
_beng
041 _2eng
_aeng
082 _aY310gTp687,N66, K7
100 _aSheffield James R Ed.
_9137887
110 _aConference on eduction, empoloyment and rural development (1966)(Kenya)
_9137888
245 0 _aEducation, employment and rural development
_b Proceeding
260 _aNairobi
_bEast African publishing
_c1967
300 _axxvi 499p.
_ccm.
650 _aSOCIOLOGY
700 _aConference on eduction, empoloyment and rural development (1966)(Kenya)
_9137889
942 _hY310gTp687,N66, K7
_cTEXL
_2CC
999 _c269270
_d269270